000 00883nam a2200241 a 4500
001 000018406
005 20200929165509.0
008 100504s1942 sp 000 p|spa d
040 _aDO-SdBNP
082 _a861.2
_bS235c
100 1 _aSantillana, Íñigo López de Mendoza,
_cMarqués de,
_d1398-1458.
_932925
245 1 0 _aCanciones y decires /
_cMarqués de Santillana ; edición, prólogo y notas de Vicente García de Diego.
260 _aMadrid :
_bEspasa-Calpe,
_c1942.
300 _axxxv, 244 p. ;
_c19 cm.
490 1 _aClásicos castellanos
_v18
504 _aIncluye referencias bibliográficas y notas al pie de las páginas.
650 4 _aPoesía española
_9631
650 4 _aLiteratura española
_ySIGLO XV
_915052
700 1 _aGarcía de Diego, Vicente,
_d1878-1978,
_eed.
_939850
830 0 _aClásicos castellanos ;
_v18
_94180
910 _aWM
049 _aBNGR
999 _c17927
_d17927